[Event "NED-ch59"]
[Site "Leeuwarden"]
[Date "2004.07.07"]
[Round "7"]
[White "Sokolov, Ivan"]
[Black "L'Ami, Erwin"]
[Result "1-0"]
[WhiteElo "2690"]
[BlackElo "2478"]
[Annotator "Ftacnik,L"]
[PlyCount "115"]
[EventDate "2004.06.30"]
[EventType "tourn"]
[EventRounds "9"]
[EventCountry "NED"]
[EventCategory "12"]
[SourceTitle "CBM 102"]
[Source "ChessBase"]
[SourceDate "2004.09.23"]
[SourceVersion "1"]
[SourceVersionDate "2004.09.23"]
[SourceQuality "1"]

1. d4 Nf6 2. c4 g6 3. Nc3 d5 4. Bf4 Bg7 5. e3 c5 6. dxc5 Qa5 7. Rc1 dxc4 8.
Bxc4 O-O 9. Nf3 Qxc5 10. Bb3 Nc6 11. O-O Qa5 12. Qe2 Nh5 13. Bg5 h6 14. Bh4 g5
15. Rfd1 (15. Bg3 Nxg3 16. hxg3 Bf5 17. Rfd1 Rad8 18. e4 Bg6 19. Rd5 Qc7 20.
Qe3 e6 21. Rdd1 Rxd1+ 22. Rxd1 Rd8 {0-1 Martz,W-Byrne,R/Lincoln 1969/ (73)}) (
15. Nxg5 hxg5 16. Qxh5 gxh4 17. Nd5 Qd8 18. Rc4 e5 (18... Bf5 $1 19. Qxf5 e6
$17) 19. Rd1 Na5 20. Bc2 Re8 21. Nc7 Qe7 22. Nxe8 Qxe8 23. Rxh4 Be6 24. Bf5
Bxf5 25. Qxf5 {1-0 Sinkovics,P-Konopka,M/Hungary 1995/ (53)}) 15... e6 16. Na4
(16. Bg3 Nxg3 17. hxg3 Rd8 18. Ne4 Bd7 19. Nd6 Qc7 20. Rc2 Be8 21. Nxe8 Rxd1+
22. Qxd1 Rxe8 23. Ba4 {1-0 Jussupow,A-Anand,V/Wijk aan Zee 1994/ (58)}) 16...
Qc7 {It should be stronger to bring the rook into the center with 16...Rd8.} (
16... Rd8 17. Bg3 Nxg3 18. hxg3 Bd7 19. Nc5 Qc7 20. Rc2 Be8 21. Rdc1 Qe7 22. a3
{1-0 Hort,V-Ogaard,L/Nice 1974/ (56)}) 17. Ne1 Nf6 (17... Nf4 18. exf4 gxh4 19.
Qg4 $14) 18. Bg3 e5 19. Nc5 Rd8 20. Rxd8+ (20. Na6 Qe7 21. Rxd8+ Qxd8 22. Nc5
$14) 20... Qxd8 21. Ba4 $1 Qe7 (21... Nd7 22. Ned3 (22. Nxb7 Bxb7 23. Bxc6 Rc8
$17) 22... Nxc5 23. Nxc5 Qd6 24. Bb3 $16) 22. Bxc6 bxc6 23. e4 {Sokolov has
excellent control and potential to improve hios pieces. Black suffers despite
having a bishop's pair.} Nd7 24. Nb3 (24. Ned3 $1 Rb8 25. Nxd7 Bxd7 26. Qe3 Rb6
27. b3 $16) 24... Nb8 (24... Qe6 25. Qc2 h5 26. f3 a5 27. Qxc6 Qxc6 28. Rxc6
$16) 25. Nc2 $6 (25. Nd3 Be6 26. Ndc5 $16) 25... f6 26. Ne3 Bf8 27. f3 (27. Qf3
Be6 $14) 27... a5 28. Be1 a4 29. Nc5 (29. Na5 Be6 30. Nac4 Nd7 $14) 29... Qf7 (
29... Qa7 30. Nd3 Be6 31. a3 $14) 30. a3 Nd7 31. Nd3 (31. Bb4 Nxc5 32. Bxc5 Bd7
$14) 31... Ba6 32. Qc2 (32. Rxc6 $2 Nc5) 32... Bxd3 $6 {L'Ami could have
equalized, white has played too artificially.} (32... Qb3 $1 33. Qxb3+ axb3 34.
Rc3 c5 $11) 33. Qxd3 Nc5 (33... Bc5 34. Bf2 Rb8 35. Rc2 $14) 34. Qf1 Rd8 (34...
Rb8 35. Bb4 (35. Nf5 Rxb2 36. Bb4 Nb3 37. Rxc6 Nd2 38. Bxd2 Rxd2 $11) 35... Nb3
36. Rxc6 Nd4 37. Rc4 $14) 35. Ba5 Rd7 (35... Rb8 36. Bb4) 36. Bb4 Nd3 37. Rxc6
Bxb4 $2 {Terrible decision to give up the trusted defender of the kingside.
Black is left with a knight, that can not contribute to the defense.} (37...
Nxb4 38. axb4 Rd2 $5 39. Qc1 (39. Ng4 Qb3 40. Nxf6+ Kg7 41. Nh5+ Kf7 $13) 39...
Bxb4 40. Nd5 Qa7+ 41. Nb6 (41. Kh1 Qd4 42. Rc8+ Bf8 43. Rxf8+ Kxf8 44. Qc8+ $11
) 41... Qa6 42. Rc8+ Kf7 43. Rc7+ Be7 44. Nxa4 Qe2 45. Qc4+ Qxc4 46. Rxc4 Bd6
$14) 38. axb4 Nxb4 39. Rc8+ Kh7 (39... Kg7 40. Qb5 Rb7 41. Qxa4 Kh7 42. Qa8 $18
) 40. Qb5 Nd3 (40... Rb7 41. Qxa4 Nd3 42. Qc2 Nxb2 43. Nd5 Kg7 44. Rc6 $16) (
40... Rd3 41. Qb6 Na2 42. Ng4 $18) 41. Rf8 $6 {White is missing the best idea
again, but the position remains critical for black.} (41. Ng4 $1 Rd4 42. Qb6
Kg7 43. Rc7 Rd7 44. Rxd7 Qxd7 45. Qxf6+ Kg8 46. Qg6+ Kf8 47. Qxh6+ $18) 41...
Qe7 (41... Qg7 42. Rb8 Nf4 43. Qxa4 $16) 42. Qb8 Rb7 (42... Rc7 43. Rh8+ Kg6
44. h3 Qf7 45. Nf5 $18) 43. Rh8+ Kg6 44. Qg8+ Qg7 45. Rxh6+ $1 Kxh6 46. Nf5+
Kg6 47. Nxg7 Rxg7 48. Qe8+ Rf7 (48... Kh7 49. Qb5 Nf4 50. Qxa4 $18) 49. Qb5 Nf4
50. g3 Ne6 51. Kg2 Nd4 (51... Ra7 $2 52. Qe8+ $18) 52. Qe8 $1 {The very final
part is played with a steady hand, white wins in direct attack.} Kg7 53. h4
gxh4 54. gxh4 Rf8 (54... Rb7 55. h5 Rxb2+ 56. Kh3 Nxf3 57. Qg6+ Kf8 58. Qxf6+
Kg8 59. h6 Rb7 60. Kg4 $18) 55. Qxa4 Kg6 56. Qd7 Rb8 57. Kh3 Rxb2 58. Qe8+ (58.
Qe8+ Kh6 59. h5 (59. f4 $5 exf4 60. h5 $18) 59... Kg5 60. Qg6+ Kf4 61. Qxf6+
Ke3 62. h6 $18) 1-0

[Event "IND-ch"]
[Site "Mumbai"]
[Date "2003.01.30"]
[Round "19"]
[White "Prakash, GB."]
[Black "Sasikiran, Krishnan"]
[Result "0-1"]
[WhiteElo "2439"]
[BlackElo "2664"]
[Annotator "Ftacnik,L"]
[PlyCount "114"]
[EventDate "2003.01.18"]
[EventType "tourn"]
[EventRounds "21"]
[EventCountry "IND"]
[EventCategory "8"]
[SourceTitle "CBM 094"]
[Source "ChessBase"]
[SourceDate "2003.05.26"]
[SourceVersion "1"]
[SourceVersionDate "2003.05.26"]
[SourceQuality "1"]

1. d4 Nf6 2. c4 g6 3. Nc3 d5 4. Nf3 Bg7 5. Bf4 O-O 6. e3 c5 7. dxc5 Qa5 8. Rc1
dxc4 9. Bxc4 Qxc5 10. Bb3 Nc6 11. O-O Qa5 12. h3 Bf5 13. Qe2 Ne4 14. Nxe4 Bxe4
15. Rfd1 Rad8 16. Rxd8 Rxd8 17. Bxf7+ Kxf7 18. Ng5+ Kg8 19. Nxe4 Qxa2 20. Kh2
Qd5 {Clear improvement over the older game with 20...a5, black firmly controls
the center.} (20... a5 21. Qb5 Qxb2 22. Qc4+ Kh8 23. Ng5 Ne5 24. Qe6 h6 25. Rc8
hxg5 26. Rxd8+ Kh7 27. Bg3 {1-0 Gretarsson,H-Pelletier,Y/Bermuda/1999/ (31)})
21. Nc5 (21. f3 h6 22. Rc2 $11) 21... b6 22. Na6 (22. Na4 Qe6 $11) 22... Ne5
23. Rc7 (23. Nb4 Qb3 24. Nc6 Nxc6 25. Rxc6 Qxb2 26. Qc4+ Kf8 27. Bg3 Be5 $15)
23... Rd7 24. b4 $2 {Very sloppy move, that gives black the chance to force
favourable ending.} (24. e4 Qd6 25. Qc2 Rxc7 26. Nxc7 $11) 24... Rxc7 25. Nxc7
Qc4 $1 26. Qxc4+ Nxc4 27. Na6 (27. b5 e5 28. Bg3 Kf7 29. Bh4 Bf8 $17) 27... e5
28. Bg3 Kf7 29. h4 (29. Kg1 Ke6 30. e4 Kd7 $17) 29... Ke6 30. h5 gxh5 {It was
very temting to go after the knight on a6 with the king, but also next to
impossible to judge the complications properly.} (30... Kd7 $5 31. hxg6 hxg6
32. Kh3 Kc6 33. Kg4 Bf8 34. Kg5 Bd6 $19) 31. Kh3 Kf5 32. Bh4 (32. Kh4 Kg6 33.
e4 Bf6+ 34. Kh3 Be7 35. Bh4 Bd6 $17) 32... Bf8 33. Bd8 Bd6 34. Kh4 Kg6 (34...
Na3 35. Kxh5 Nc2 36. b5 Na3 37. g4+ Ke6 38. Kh6 $11) 35. e4 Nd2 36. f3 Nc4 37.
Kg3 (37. Bc7 Bxc7 38. Nxc7 a5 $17) 37... Na3 38. Bc7 $6 {This exchange of
bishops is helping black to mobilize the pawns, white is lost.} (38. Kh4 Nc2
39. b5 Nd4 40. Nc7 Bxc7 41. Bxc7 Kf6 42. Bd8+ Kf7 (42... Ke6 43. Kxh5 Nxb5 44.
Kh6 Nd4 45. Kxh7 b5) 43. Kxh5 Nxb5 44. Kh6 Nd4 $17) 38... Bxc7 39. Nxc7 a5 $1
40. Nd5 (40. bxa5 bxa5 41. f4 a4 (41... exf4+ 42. Kxf4 Nc4 43. Nb5 a4 $17) 42.
f5+ Kf7 43. Nd5 Nb5 44. Nb4 Nc3 45. Kf3 a3 46. Nc2 a2 $17) 40... Kg5 41. Kf2 (
41. bxa5 bxa5 42. f4+ exf4+ 43. Nxf4 h4+ 44. Kf3 Nc4 45. Nd5 a4 $19) 41... h4
42. Ke2 Nc2 43. Nxb6 axb4 44. Nc4 (44. Kd2 Nd4 45. Nd5 b3 46. Kc3 Nxf3 $1 $19)
44... b3 45. Nb2 (45. Nxe5 b2 46. f4+ Kh5 $19) 45... Kf4 46. Kf2 (46. Nd3+ Kg3
47. Kf1 Ne3+ 48. Kg1 Nxg2 $19) 46... Nb4 47. Ke2 $22 {White had to move and
this only makes his position even worse.} (47. Nc4 Nd3+ 48. Ke2 b2 49. Na3 Kg3
50. Kxd3 Kxg2 51. Kc2 h3 52. Nc4 h2 $19) 47... Kg3 48. Kf1 h3 (48... Nc2 49.
Kg1 Ne3 $19) 49. gxh3 Kxf3 50. Nc4 Kf4 (50... Kxe4 51. Nd2+ Kf4 52. Nxb3 Kg3
53. Ke2 $17) 51. Ke2 h5 52. h4 Nc6 53. Kd3 Nd4 54. Nb2 Nf3 55. Kc3 Nxh4 56.
Kxb3 Nf3 57. Kc2 h4 0-1

[Event "RUS-Cup07"]
[Site "Tomsk"]
[Date "1998.07.19"]
[Round "5"]
[White "Nikitin, Andrey"]
[Black "Fominyh, Alexander"]
[Result "1-0"]
[WhiteElo "2410"]
[BlackElo "2530"]
[Annotator "Ftacnik,L"]
[PlyCount "71"]
[EventDate "1998.07.15"]
[EventType "swiss"]
[EventRounds "9"]
[EventCountry "RUS"]
[SourceTitle "CBM 067"]
[Source "ChessBase"]
[SourceDate "1998.11.30"]
[SourceVersion "2"]
[SourceVersionDate "1998.11.01"]
[SourceQuality "1"]

1. d4 Nf6 2. c4 g6 3. Nc3 d5 4. Nf3 Bg7 5. Bf4 c6 6. e3 O-O 7. Be2 Be6 8. cxd5
(8. Ng5 Bf5 (8... Bc8 9. O-O dxc4 10. Bxc4 Nd5 11. Bg3 e5 12. Nf3 exd4 13. exd4
Be6 14. Qb3 Nxc3 15. bxc3 Bxc4 16. Qxc4 Nd7 17. Qb3 Qb6 {1/2-1/2 Yakovich,
Y-Yandemirov,V/Smolensk 1997/ (51)}) 9. O-O (9. Qb3 Qb6 (9... h6 10. Nf3 Qb6
11. O-O Nbd7 12. cxd5 Qxb3 13. axb3 cxd5 14. Ra5 a6 15. b4 g5 16. Bg3 e6 17.
Rfa1 Nb6 18. h4 {1-0 Ftacnik,L-Krnic,Z/Belgrade/1988/ (51)}) 10. c5 Qxb3 11.
axb3 Nbd7 12. b4 a6 13. h3 h6 14. Nf3 Be4 15. O-O Bxf3 16. Bxf3 Rfe8 17. Rfd1
e5 18. dxe5 Nxe5 19. Bxe5 Rxe5 {1/2-1/2 Oll,L-Romanishin,O/Tallinn 1987/ (30)})
9... Na6 (9... Qb6 10. Na4 Qa5 11. Nc5 b6 12. Nb3 Qa4 13. Nd2 Qb4 14. Qc1 Nbd7
15. a3 Qa4 16. b3 Qa6 17. Qd1 dxc4 18. e4 h6 19. Nxf7 Be6 {1/2-1/2 Lerner,
K-Romanishin,O/Moscow 1987/ (50)}) 10. Qb3 Qb6 11. Qxb6 axb6 12. Na4 Nb4 13.
Nxb6 Ra6 14. a3 dxc4 15. Nxc4 Bd3 16. Rae1 Bxe2 17. Rxe2 Nd3 18. Bg3 {1-0
Alburt,L-Vaganian,R/Vilnius 1975/ (46)}) (8. Qb3 Qb6 9. c5 Qxb3 10. axb3 Nbd7
11. h3 h6 12. b4 a6 13. Nd2 g5 14. Bh2 Bf5 15. O-O Nh7 16. Nb3 e5 17. Na5 Ra7
18. b5 exd4 19. exd4 axb5 20. Nxc6 bxc6 21. Rxa7 Bxd4 {1/2-1/2 Santa Torres,
L-Arencibia,W/Sagua la Grande 1989/ (36)}) 8... Nxd5 (8... cxd5 9. Qb3 b6 (9...
Qb6 10. Qxb6 axb6 11. O-O $14) 10. Ne5 $14) 9. Nxd5 Bxd5 (9... cxd5 $5 10. O-O
Nc6 $11) 10. O-O Nd7 11. Qc2 h6 (11... Nf6 12. Nd2 $14) 12. e4 Be6 13. Rfd1 {
The pawn structure is favourable for white and even though black's position is
solid the good plan is hard to find.} a5 (13... g5 14. Be3 f5 15. d5 $1 cxd5
16. exd5 $14) 14. h3 a4 15. Bc4 (15. Be3 Qa5 $14) 15... Bxc4 16. Qxc4 Qa5 17.
Rac1 Kh7 (17... Qa6 18. Qc2 $14) 18. Bd2 Qa6 19. Qc2 (19. Qb4 Nf6 $14) 19...
Rac8 20. Bc3 e6 (20... c5 21. d5 $14) 21. h4 Qb5 (21... h5 22. Ng5+ Kg8 23. Bb4
$14) 22. g3 f5 (22... Rfe8 23. Kg2 $14) 23. h5 $1 {[%mdl 128] White is well
prepared for any opponent's activity. The g6 pawn is now exposed and opening
of the center will bring well located white pieces into play.} gxh5 (23... g5
24. Re1 Rce8 25. d5 exd5 26. exf5 Bxc3 27. f6+ Re4 28. bxc3 Kh8 29. Rxe4 dxe4
30. Qxe4 Nxf6 31. Qe7 $14) 24. Nh4 Rf7 (24... fxe4 $2 25. Qxe4+ Kg8 26. Qxe6+
Rf7 27. d5 cxd5 28. Nf5 $18) 25. exf5 exf5 26. d5 $1 Bxc3 (26... cxd5 $2 27.
Nxf5 Kg8 28. Nd6 $18) 27. bxc3 (27. Qxc3 Rb8 28. Qf3 $16) 27... Rcf8 (27...
cxd5 28. Nxf5 Rxc3 29. Qxc3 Rxf5 30. Re1 $18) 28. Rb1 Qa6 (28... Qc5 29. Rxb7
cxd5 30. Qd3 $16) 29. d6 Ne5 (29... b5 30. Re1 c5 31. Rbd1 b4 32. Re7 $16) 30.
d7 Rxd7 (30... Nxd7 $5 31. Nxf5 Kh8 $1 32. Nh4 (32. Qc1 Qe2 33. Rd2 Qe6 $15)
32... Rxf2 33. Ng6+ Kg8 34. Ne7+ Kh8 35. Qc1 R8f6 36. Rxd7 Qe2 37. Ng6+ Kg8 (
37... Rxg6 38. Rd8+ Kg7 39. Rxb7+ Kf6 40. Rf8+) 38. Rd8+ Kg7 39. Nh4 $16) 31.
Rxd7+ Nxd7 32. Nxf5 {The attack has fully succeeded, black king can not find
any shelter and the queen is far away.} Ne5 (32... Kh8 33. Qd2 $18) 33. Qe4 Ng6
34. Nh4 Rg8 (34... Rf6 35. Rd1 Qb6 36. Rd7+ Kg8 37. Qc4+ Kh8 38. Nxg6+ Rxg6 39.
Qf7 Rxg3+ 40. Kh2 $18) 35. Nxg6 Rxg6 36. Rd1 1-0

[Event "Seville op"]
[Site "Seville"]
[Date "1992.??.??"]
[Round "3"]
[White "Illescas Cordoba, Miguel"]
[Black "Alawieh, Amin"]
[Result "1-0"]
[WhiteElo "2555"]
[BlackElo "2360"]
[Annotator "Ftacnik,L"]
[PlyCount "53"]
[EventDate "1992.??.??"]
[EventType "swiss"]
[EventRounds "9"]
[EventCountry "ESP"]
[SourceTitle "CBM 029"]
[Source "ChessBase"]
[SourceDate "1992.08.01"]
[SourceVersion "1"]
[SourceVersionDate "1992.08.01"]
[SourceQuality "1"]

1. Nf3 d5 2. c4 c6 3. d4 Nf6 4. Nc3 g6 5. Bf4 Bg7 6. e3 O-O 7. Qb3 Qa5 8. Bd3
dxc4 $5 (8... Nbd7 9. O-O dxc4 10. Bxc4 Nb6 11. Bc7 Ne8 12. Bd8 $6 Nd6 13. Bxb6
axb6 14. Be2 b5 $15 {Barona,J-Arencibia,W/Bogota/1990/}) 9. Bxc4 b5 (9... Nbd7
10. Ng5 e6 11. Bxe6 fxe6 12. Nxe6 $40) 10. Bxf7+ Rxf7 11. Bxb8 Rxb8 (11... b4
$2 12. Ne5 $18) 12. Ne5 e6 13. Nxc6 Qb6 14. Nxb8 Qxb8 (14... a6 15. Nxa6 Bxa6
16. O-O $14) 15. Qxb5 Qd6 (15... Rb7 16. Qa5 Rxb2 17. Qd8+ Kf7 18. O-O Ba6 19.
Qxb8 Rxb8 20. Rab1 $36) 16. Qe2 Ba6 17. Qd2 Nd5 18. Ne4 (18. Nxd5 Qxd5 19. f3
e5 $13) 18... Qb6 19. a3 Rc7 $6 (19... e5 $5 20. dxe5 Bxe5 21. Qxd5 Qxb2 $19)
20. Rc1 Rxc1+ 21. Qxc1 Bxd4 $2 (21... e5 22. Qc5 $16) 22. exd4 Qxd4 23. f3 Qd3
(23... Ne3 24. Qd2 Qb6 25. b4 Nc4 26. Qc3 $18) 24. Ng3 Ne3 25. Kf2 (25. Qd2
Nc2+ 26. Kd1 Ne3+ 27. Kc1 Qc4+ 28. Qc3 $18) 25... Nc4 26. Rd1 Nxb2 27. Rd2 $1 {
Ftacnik,L} 1-0

[Event "Stara Zagora zt-A"]
[Site "Stara Zagora"]
[Date "1990.??.??"]
[Round "10"]
[White "Lukacs, Peter"]
[Black "Ftacnik, Lubomir"]
[Result "1/2-1/2"]
[WhiteElo "2505"]
[BlackElo "2560"]
[Annotator "Ftacnik,L"]
[PlyCount "67"]
[EventDate "1990.02.??"]
[EventType "tourn"]
[EventRounds "13"]
[EventCountry "BUL"]
[EventCategory "9"]
[SourceTitle "CBM 017"]
[Source "ChessBase"]
[SourceDate "1990.08.01"]
[SourceVersion "1"]
[SourceVersionDate "1990.08.01"]
[SourceQuality "1"]

1. d4 Nf6 2. c4 g6 3. Nc3 d5 4. Bf4 Bg7 5. e3 c5 6. dxc5 Qa5 7. Nf3 O-O 8. Rc1
dxc4 9. Bxc4 Qxc5 10. Bb3 Qa5 11. O-O Nc6 12. h3 Bf5 13. Qe2 Ne4 14. Nd5 e5 15.
Bh2 Nc5 16. e4 $5 {N} (16. Bc4 e4 17. Nh4 Be6 $36) 16... Rad8 $1 (16... Bxe4
17. Rxc5 Bxf3 18. Qe3 $22 Bh6 $2 19. Qxh6 $18) (16... Nxe4 $5 17. g4 Nc5 18.
Rxc5 Qxc5 19. gxf5 gxf5 {/\ e4, Nd4<=>}) (16... Be6 17. Bc4 {/\ a3|^}) (16...
Nxb3 17. axb3 Be6 18. Ra1 Qc5 19. Rfc1 Qd6 20. Rd1 Qb8 21. b4 $36) 17. Qe3 $6 (
17. Rxc5 Qxc5 18. exf5 Rxd5 19. Bxd5 Qxd5 20. Rd1 Nd4 $15) (17. Bc4 Bxe4 18. b4
Nxb4 19. Nxb4 Bxf3 20. Qxf3 Qxb4 $17) (17. exf5 Nxb3 18. Rxc6 Qxd5 19. f6 Nd4
20. Nxd4 exd4 $22 21. fxg7 Rfe8) (17. Nxe5 Nxe5 18. Ne7+ Kh8 19. Bxe5 (19. exf5
Nxb3 20. axb3 Rfe8 21. b4 Qxb4 22. Bxe5 Qxe7 23. Bxg7+ Kxg7 24. Qxe7 Rxe7 $15)
19... Bxe5 20. exf5 Nxb3 21. axb3 Bf6 (21... Rfe8 22. b4 Rxe7 23. bxa5 Bh2+ 24.
Kxh2 Rxe2 25. Rc7 $40) 22. fxg6 hxg6 23. Rc4 Qd2 24. Qe4 Rd7 $17) (17. Rfd1 $5
Bxe4 (17... Nxe4 18. g4 Nc5 19. Rxc5 Qxc5 20. gxf5 gxf5 21. Nh4 Nd4 22. Rxd4 $1
$40) 18. Rxc5 Bxf3 19. Qe3 Bxd1 20. Rxa5 Bxb3 (20... Nxa5 21. Bxd1 Rxd5 22. Bf3
Rb5 23. b3 $13) 21. axb3 (21. Qxb3 Nxa5 22. Qb5 Nc6 $22 23. Qxb7 $2 Rxd5 $19)
21... Nxa5 22. Ne7+ Kh8 23. Bxe5 Nc6 24. Bxg7+ Kxg7 25. Qc3+ f6 26. Nxc6 bxc6
27. Qxc6 Rf7 $10) 17... Nxb3 18. axb3 (18. Rxc6 bxc6 (18... Rxd5 $1 19. exd5
bxc6 20. axb3 e4 $1 $17) 19. Ne7+ Kh8 20. Nxc6 Qxa2 21. Nxd8 Rxd8 22. exf5 $40)
18... Bxe4 (18... Be6 19. Rxc6 $1) 19. Rc5 Qxc5 20. Qxc5 (20. Nf6+ $5 Bxf6 21.
Qxc5 Rd5 22. Qe3) 20... Rxd5 21. Qc4 $6 (21. Qe3 Bxf3 22. Qxf3 Rfd8 {/\ Rd3|^-/
+}) 21... Bxf3 22. gxf3 Rfd8 23. Bg3 (23. f4 Rd4 24. Qc1 Bh6) 23... Rd2 (23...
Rd4 $5 24. Qc1 (24. Qb5 Rb4) (24. Qe2 $5 Rd2 25. Qb5) 24... Rd2 $17) 24. Qb5 $1
Nd4 (24... R8d7 25. Rc1 Nd4 (25... Rxb2 26. Rxc6) 26. Rc8+ Bf8 27. Qb4 Nxf3+
28. Kg2 Rd8 29. Rxd8 Rxd8 30. Qxb7) 25. Qxb7 Ne2+ $6 (25... Rxb2 $5 26. Qe7 Rf8
27. Qxa7 Nxf3+ 28. Kg2 Rxb3 $15) 26. Kg2 Nxg3 27. Kxg3 Bh6 28. Qxa7 (28. Ra1
Bf4+ 29. Kg2 Be3 $17) 28... Rxb2 29. Qb6 (29. Ra1 Rxb3 30. Qe7 Bf4+ 31. Kg2 Rf8
$10) 29... Rd3 30. Ra1 (30. Qb8+ Bf8 $8 31. Ra1 Rbxb3 32. Qc8 (32. Qxe5 Rxf3+
33. Kg2 Rf5 34. Qe8 Rb2 35. Ra8 Rbxf2+ $10) 32... Rxf3+ 33. Kg2 Ra3 34. Rd1
Rad3 35. Rc1 Rf5 {/\ Rd2=}) 30... Kg7 $1 (30... e4 $2 31. Qb8+ Bf8 $8 32. Ra8
Rxf3+ 33. Kh4 $18) (30... Bf4+ 31. Kg2 Rdxb3 32. Ra8+ Kg7 33. Qd8 $40) 31. Ra6
(31. Ra8 e4 (31... Bf4+ 32. Kg2 e4 $1 33. fxe4 Rg3+ 34. Kf1 Rb1+ 35. Ke2 Rb2+
36. Kf1 $10) 32. Qb8 Rxf3+ 33. Kh4 $10) 31... Bg5 32. Qc7 $6 (32. h4 Rbxb3 33.
Qc6 Rxf3+) (32. Qc5 Bf4+ 33. Kg2 e4 (33... Rdd2 34. Ra8 Kh6 35. Rh8 $10) (33...
Rd1 34. Qe7 $10) 34. fxe4 Rg3+ $10) 32... Bf4+ 33. Kg2 Rdd2 34. Qb6 {Ftacnik,L}
(34. Qb6 Kh6 $1 35. Ra4 (35. Qc5 Rdc2 36. Qf8+ $2 Kh5 37. Qxf7 Rxf2+ 38. Kg1
Bh2+ $19) (35. Ra1 Re2 36. Kg1 {/\ Rf1}) 35... f5 (35... Re2 36. Re4) 36. Qa7
Re2 37. Kf1 $1 (37. h4 Re1 38. Rxf4 Rbb1 $1 $19) (37. Rxf4 exf4 38. Qd4 Kh5 {
/\ g5,Kh4,h5-+}) 37... Rec2 38. Kg2 Rb1 39. Rxf4 exf4 40. Qe7 $10) 1/2-1/2

[Event "Championship of Israel prel"]
[Site "Tel Aviv"]
[Date "2000.08.20"]
[Round "4"]
[White "Bykhovsky, Avigdor"]
[Black "Golod, Vitali"]
[Result "1/2-1/2"]
[WhiteElo "2415"]
[BlackElo "2590"]
[Annotator "Golod,V"]
[PlyCount "60"]
[EventDate "2000.08.16"]
[EventType "swiss"]
[EventRounds "9"]
[EventCountry "ISR"]
[SourceTitle "CBM 079"]
[Source "ChessBase"]
[SourceDate "2000.11.21"]
[SourceVersion "1"]
[SourceVersionDate "2000.11.21"]
[SourceQuality "1"]

1. d4 Nf6 2. c4 g6 3. Nc3 d5 4. Bf4 Bg7 5. Rc1 O-O 6. e3 dxc4 7. Bxc4 c5 8.
dxc5 Qa5 9. Nf3 Qxc5 10. Bb3 Qa5 11. O-O Na6 $5 {[%mdl 4]} (11... Nc6 {It's
main line.}) 12. a3 {Besides,white has seven options:} (12. Ng5 {See comments
to Peng,Z-Van Wely,L/ Rotterdam,1999/CBM 72(0-1)(Ftacnik,L)(51)}) (12. Qe2) (
12. Qd4) (12. Bc4) (12. h3 Nc5 $13) (12. Qd2 $5 {See comments to Timman,
J-Nijboer,F/ Rotterdam,1998/CBM 66(1-0)(Ftacnik,L)(48)}) ({and} 12. Ne5) 12...
Nc5 $5 ({Weakly:} 12... Bf5 $6 13. Ne5 $140 Rad8 {in view of:} 14. Bxf7+ Rxf7
15. Qb3 $36) (12... Bg4 $5 {(recommendation of Ftacnik,L)} 13. h3 (13. Qe2 $142
) 13... Rad8 14. Qe2 Bxf3 15. Qxf3 Qb6 $15) 13. Bc4 $6 ({Also dubious:} 13. Ba2
$6 Be6 $140 14. b4 $2 {because of:} Qxa3 15. bxc5 Bxa2 $17) ({Unexpectedly
leads to draw:} 13. Bxf7+ $5 Rxf7 (13... Kxf7 $2 14. b4 Qxa3 15. bxc5 Qxc5 16.
Qb3+ $36) 14. b4 Qxa3 15. bxc5 Qxc5 (15... Bg4 $2 16. h3 Bxf3 17. Qxf3 Re8 (
17... e5 $2 18. Bxe5 Nd7 19. Qxb7 $18) 18. Ne4 $1 {+/=/+/-} (18. Qxb7 $4 e5))
16. Ng5 Rf8 17. Qb3+ Kh8 18. Nf7+ (18. Nb5 $6 Qd5 19. Rc4 Ne8 $15) 18... Kg8
19. Nh6+ (19. Nd8+ Kh8 20. Nb5 $2 (20. Nf7+ $11) 20... Qd5 $17 (20... Qb6 $4
21. Bc7 Qa6 22. Ra1 $18 {[%csl Ra6]})) 19... Kh8 20. Nf7+ $11) 13... Be6 14.
Bxe6 (14. b4 $2 {is refuted by:} Qxa3 {[%csl Rc4,Yc5][%cal Yc5e6]}) 14... Nxe6
15. Be5 Rfd8 ({Much worse is:} 15... Ng5 16. Nxg5 Qxe5 17. Nf3 $11 {[%cal
Gd1b3]}) 16. Qa4 $146 {This move was not played in the next game:} (16. Qe2 Ng5
17. Bf4 (17. Bxf6 $6 Nxf3+ 18. Qxf3 Bxf6 19. Qxb7 $140 Rab8 $15 {[%csl Ra3,Rb2]
}) 17... Ne6 18. Be5 Ng5 19. Bf4 Ne6 (19... Nxf3+ $5 20. Qxf3 Qb6 21. b4 Rac8 {
=/=/+}) 20. Be5 {1/2-1/2 Ribbegren,C-Hjelmaas,L/NOR,1993 (20)}) 16... Qxa4 17.
Nxa4 Ne4 18. Bxg7 Kxg7 {=/=/+} 19. Nc3 ({Weakly:} 19. Rfd1 $6 {because of:}
Rac8 $15 {[%csl Rg1]}) 19... Nd2 $6 {Annoying inaccuracy.} ({After:} 19... Nxc3
$1 20. Rxc3 $140 Rac8 21. Rcc1 (21. Rxc8 $143 Rxc8 {<->c}) 21... Nc5 {I have a
incontestable advantage in the endgame.}) 20. Rfd1 Nxf3+ 21. gxf3 Rxd1+ 22.
Rxd1 Rd8 23. Rxd8 Nxd8 {=/=/+ KN/KN_|_} 24. f4 f5 25. f3 Nc6 $6 ({It deserves
attention:} 25... Kf6 26. Kf2 (26. Nd5+ $5 Ke6 27. e4) 26... e5 {=/=/+}) 26.
Kf2 Kf6 ({Senselessly:} 26... Na5 27. Ke2 Nc4 {in view of:} 28. Nd1 $11 {
[%cal Ge2d3]}) 27. Ke2 Ke6 ({Also equality after:} 27... e5 28. Kd3 Ke6 (28...
g5 29. fxg5+ Kxg5 30. Nd1 Kh4 31. Nf2 $13 {[%csl Yf2][%cal Gd3c4,Gc4d5]}) 29.
Kc4 $11) 28. Kd3 a6 $6 (28... Kd6 $142 29. b4 (29. Nb5+ $5 Kc5 30. Nc7 $2 Nd8 {
[%csl Rc7]}) 29... e5 $11) 29. Na4 Kd6 30. b4 Nd8 {After this move Avigdor
Bykhovsky is agreed for draw, because of next variant:} (30... Nd8 31. Nc5 a5
32. Kc4 axb4 33. axb4 Kc6 34. b5+ Kd6 35. Kd4 Kc7 (35... b6 $143 36. Na4 {
[%csl Rb6]}) 36. Kc4 Kd6 37. e4 e5 $11) (30... a5 $2 31. Kc4 $14) 1/2-1/2